ILLIT Songs By Alphabet - Statistics

General Stats
  • This quiz has been taken 44 times
    24 since last reset
  • The average score is 19 of 26
Answer Stats
Letter Song % Correct
A All For You/Almond Chocolate
94%
T Tick-Tack/Toki yo Tomare/Topping
94%
I I'll Like You/It's Me/IYKYK
88%
J Jellyous
88%
L Little Monster/Love, Older You/Lucky Girl Syndrome
88%
M Mamihlapinatapai/Midnight Fiction/Magnetic/My World
81%
N Not Cute Anymore/Not Me
81%
C Cherish (My Love)
75%
B Bam Sopoong/Billyeoon Goyangi/Bubee
69%
D (type "nothing") Nothing
69%
E (type "nothing") Nothing
69%
F (type "nothing") Nothing
69%
H (type "nothing") Nothing
69%
K (type "nothing") Nothing
69%
Q (type "nothing") Nothing
69%
R (type "nothing") Nothing
69%
U (type "nothing") Nothing
69%
V (type "nothing") Nothing
69%
W (type "nothing") Nothing
69%
X (type "nothing") Nothing
69%
Y (type "nothing") Nothing
69%
Z (type "nothing") Nothing
69%
P paw paw!/Pimple
69%
S See U Tonight/Secret Quest/Sunday Morning
69%
G GRWM (Get Ready With Me)
63%
O oops!
63%
No matching quizzes found
Score Distribution
Percent of People with Each Score
Percentile by Number Answered
Your Score History
You have not taken this quiz since the last reset